[Event "Africa-ch U14"]
[Site "Cairo"]
[Date "2017.12.04"]
[Round "3.2"]
[White "Kazem, Youssef"]
[Black "Assem, Abderezzak"]
[Result "0-1"]
[WhiteElo "1296"]
[BlackElo "1714"]
[PlyCount "61"]
[EventDate "2017.12.03"]
[EventType "swiss"]
[EventRounds "9"]
[EventCountry "EGY"]
[SourceTitle "EXT 2024"]
[Source "ChessBase"]
[SourceDate "2023.10.10"]
[SourceVersion "1"]
[SourceVersionDate "2023.10.10"]
[SourceQuality "1"]

1. e4 c5 2. Nf3 d6 3. d4 cxd4 4. Nxd4 Nf6 5. Nc3 a6 6. Bc4 e6 7. 0-0 Be7 8. Be3 Bd7 9. f3 h5 10. Qd2 Nc6 11. Nxc6 Bxc6 12. Rad1 Qc7 13. Bb3 b5 14. Rfe1 Rd8 15. Qf2 Qb7 16. Qg3 Kf8 17. e5 h4 18. Qf4 dxe5 19. Rxd8+ Bxd8 20. Bc5+ Kg8 21. Qxe5 Rh5 22. Qe3 Rxc5 23. Kh1 Rh5 24. h3 Bb6 25. Qd2 b4 26. Ne2 Nd5 27. Bxd5 Rxd5 28. Qf4 Rf5 29. Qxh4 a5 30. Nd4 Bxd4 31. Qxd4 0-1

[Event "Africa-ch U14"]
[Site "Cairo"]
[Date "2017.12.04"]
[Round "2.6"]
[White "Mansour, Moaaz"]
[Black "Kazem, Youssef"]
[Result "0-1"]
[WhiteElo "1356"]
[BlackElo "1296"]
[PlyCount "52"]
[EventDate "2017.12.03"]
[EventType "swiss"]
[EventRounds "9"]
[EventCountry "EGY"]
[SourceTitle "EXT 2024"]
[Source "ChessBase"]
[SourceDate "2023.10.10"]
[SourceVersion "1"]
[SourceVersionDate "2023.10.10"]
[SourceQuality "1"]

1. d4 d5 2. Nf3 Nf6 3. e3 Bf5 4. Nbd2 e6 5. b3 Bb4 6. Bb2 0-0 7. c3 Bd6 8. Be2 Nbd7 9. 0-0 c6 10. c4 b6 11. Ne5 Qc7 12. f4 Bxe5 13. fxe5 Ne8 14. Rc1 Bg6 15. cxd5 exd5 16. Bb5 c5 17. Ba3 Nxe5 18. dxe5 Qxe5 19. Qf3 Nc7 20. Be2 Rfe8 21. e4 Qd4+ 22. Rf2 dxe4 23. Qf4 Nd5 24. Qh4 e3 25. Qxd4 cxd4 26. Rff1 exd2 0-1

[Event "Africa-ch U14"]
[Site "Cairo"]
[Date "2017.12.03"]
[Round "1.7"]
[White "Kazem, Youssef"]
[Black "Eaton, Dante"]
[Result "1/2-1/2"]
[WhiteElo "1296"]
[BlackElo "1522"]
[PlyCount "45"]
[EventDate "2017.12.03"]
[EventType "swiss"]
[EventRounds "9"]
[EventCountry "EGY"]
[SourceTitle "EXT 2024"]
[Source "ChessBase"]
[SourceDate "2023.10.10"]
[SourceVersion "1"]
[SourceVersionDate "2023.10.10"]
[SourceQuality "1"]

1. e4 c5 2. Nf3 e6 3. d4 cxd4 4. Nxd4 Nc6 5. c4 a6 6. Nc3 Qc7 7. a3 Nf6 8. Be2 Be7 9. 0-0 0-0 10. Be3 d6 11. b4 Ne5 12. Qb3 h6 13. h3 Bd7 14. f4 Nc6 15. Rac1 Nxd4 16. Bxd4 e5 17. Be3 Qb8 18. Nd5 Nxd5 19. cxd5 Rc8 20. fxe5 dxe5 21. Bg4 Bxg4 22. hxg4 Bd6 23. Bc5 1/2-1/2